书目信息 |
| 题名: |
数量遗传学手册
|
|
| 作者: | 贝克尔 , Becker 著 ;区靖祥 译 | |
| 分册: | ||
| 出版信息: | 北京 科学出版社 1987 |
|
| 页数: | 168页 | |
| 开本: | 20cm | |
| 丛书名: | ||
| 单 册: | ||
| 中图分类: | Q324.8 | |
| 科图分类: | ||
| 主题词: | 遗传学 | |
| 电子资源: | ||
| ISBN: | 7-03-000043-9 | |
| 000 | 00716nam0 2200253 45 | |
| 001 | 0187010471 | |
| 005 | 20040629151742.1 | |
| 010 | @a7-03-000043-9@dCNY1.60 | |
| 100 | @a19900830d1987 em y0chiy0121 ea | |
| 101 | 1 | @achi@ceng |
| 102 | @aCN@b110000 | |
| 105 | @ay z 000yy | |
| 106 | @ar | |
| 200 | 10 | @a数量遗传学手册@Ashu liang yi chuan xue shou ce@f(美)贝克尔(Becker, W.A.)著@g区靖祥译 |
| 210 | @a北京@c科学出版社@d1987 | |
| 215 | @a168页@d20cm | |
| 606 | 0 | @a遗传学 |
| 690 | @aQ324.8 | |
| 701 | 1 | @a贝克尔@Abei ke er@bW.A.@4著 |
| 701 | A1 | @aBecker@bW.A.@4著 |
| 702 | 0 | @a区靖祥@Aqu jing xiang@4译 |
| 801 | 0 | @aCN@b深圳图书馆@c20040524 |
| 801 | 2 | @aCN@bNLC@c20040524 |
| 905 | @dQ324.8@e25@f1@b204226 | |
| 数量遗传学手册/(美)贝克尔(Becker, W.A.)著/区靖祥译.-北京:科学出版社,1987 |
| 168页;20cm |
| ISBN 7-03-000043-9:CNY1.60 |
| ● |
| 相关链接 |
|
|
|
|
正题名:数量遗传学手册
索取号:Q324.8/25
 
预约/预借
| 序号 | 登录号 | 条形码 | 馆藏地/架位号 | 状态 | 备注 |
| 1 | 0204226 | 001932350 | 密集书库/ [索取号:Q324.8/25] | 在馆 |